[Event "Czech open A"]
[Site "?"]
[Date "2013.07.24"]
[Round "6.57"]
[White "Valli, Frans"]
[Black "Mazur, Stefan"]
[Result "1-0"]
[WhiteElo "2237"]
[BlackElo "2409"]
[PlyCount "169"]
[EventDate "2013.??.??"]
[TimeControl "6000+805"]
[WhiteClock "0:11:45"]
[BlackClock "0:05:09"]

1. Nf3 Nf6 2. c4 g6 3. Nc3 Bg7 4. e4 O-O 5. d4 d6 6. Be2 e5 7. O-O Na6 8. Be3
exd4 9. Nxd4 Re8 10. f3 c6 11. Bf2 Nh5 12. Qd2 Nc5 13. Rad1 Ne6 14. Nxe6 Bxe6
15. g4 Nf6 16. Qxd6 Nd7 17. f4 Nb6 18. Qxd8 Raxd8 19. Rxd8 Rxd8 20. f5 Bc8 21.
Rd1 Re8 22. Bd4 Nd7 23. Kf2 Be5 24. Bxe5 Nxe5 25. Kg3 g5 26. c5 f6 27. Kf2 Kf7
28. Ke3 b6 29. cxb6 axb6 30. Na4 Nd7 31. Bc4+ Kg7 32. Be6 Ne5 33. Bxc8 Nxg4+
34. Kf3 Ne5+ 35. Ke3 Rxc8 36. Nxb6 Rb8 37. Na4 h5 38. b3 h4 39. Rd2 g4 40. Nc5
Kf7 41. Nd7 Rg8 42. Nxe5+ fxe5 43. Rd7+ Ke8 44. Rd6 g3 45. hxg3 Rxg3+ 46. Kf2
Rc3 47. Kg2 Kf7 48. Re6 c5 49. Kh2 h3 50. Rxe5 Kf6 51. Rd5 c4 52. bxc4 Rxc4 53.
Kxh3 Rxe4 54. Ra5 Rf4 55. a4 Rb4 56. Kg2 Rb2+ 57. Kf3 Rb4 58. Ke2 Rh4 59. Kd3
Rg4 60. Kc3 Rh4 61. Kb3 Rh3+ 62. Kc4 Rh4+ 63. Kc3 Rg4 64. Kd2 Rh4 65. Ke3 Rg4
66. Kf3 Rb4 67. Kg3 Rc4 68. Kh2 Rg4 69. Kh1 Kg5 70. Kh2 Kf6 71. Kh3 Rb4 72. Kg3
Rc4 73. Kf2 Rb4 74. Ke1 Rh4 75. Kd1 Rg4 76. Kc2 Rh4 77. Kb2 Rg4 78. Kb3 Rg3+
79. Kc4 Rg4+ 80. Kd5 Kxf5 81. Ra8 Kf6 82. a5 Ke7 83. a6 Kf7 84. a7 Rg5+ 85. Kc6
1-0

[Event "Czech open A"]
[Site "?"]
[Date "2013.07.24"]
[Round "6.58"]
[White "Matsenko, Andrei"]
[Black "Karavade, Eesha"]
[Result "1/2-1/2"]
[WhiteElo "2235"]
[BlackElo "2398"]
[PlyCount "119"]
[EventDate "2013.??.??"]
[TimeControl "6000+725"]
[WhiteClock "0:10:08"]
[BlackClock "0:14:45"]

1. e4 c5 2. Nf3 d6 3. d4 Nf6 4. Nc3 cxd4 5. Nxd4 a6 6. Be2 e5 7. Nb3 Be7 8. O-O
O-O 9. Re1 Be6 10. Bf3 Nbd7 11. a4 Qc7 12. a5 Rac8 13. Be3 Rfd8 14. Re2 h6 15.
h3 Qb8 16. Rd2 Nf8 17. Nc1 Ng6 18. N1a2 Rc4 19. b3 Rcc8 20. Na4 Nh4 21. Nb6 Rc7
22. c4 Rf8 23. Nc3 Qe8 24. Be2 Nd7 25. Ncd5 Rc6 26. Nb4 Nxb6 27. Bxb6 Rc8 28.
Nd5 Bg5 29. Rd3 Bd8 30. g3 Ng6 31. Bg4 Kh7 32. h4 Ne7 33. Ne3 Bxg4 34. Qxg4
Bxb6 35. axb6 Qc6 36. Rad1 Rcd8 37. b4 Qxb6 38. c5 dxc5 39. bxc5 Qc7 40. Nd5
Nxd5 41. Rxd5 Kg8 42. Qf5 a5 43. Rd6 Rde8 44. R1d5 a4 45. Rxe5 Rxe5 46. Qxe5 a3
47. Qc3 Ra8 48. Rd1 a2 49. Ra1 b5 50. c6 Ra6 51. Qc2 b4 52. Kg2 Ra3 53. Qc5 Ra6
54. Qc4 Ra8 55. Kg1 h5 56. e5 Qxe5 57. Rxa2 Qe1+ 58. Kh2 Rxa2 59. Qxa2 b3 60.
c7 1/2-1/2

[Event "Czech open A"]
[Site "?"]
[Date "2013.07.24"]
[Round "6.59"]
[White "Talla, Vladimir"]
[Black "Shemeakin, Alexander"]
[Result "1/2-1/2"]
[WhiteElo "2394"]
[BlackElo "2299"]
[PlyCount "282"]
[EventDate "2013.??.??"]
[TimeControl "6000+1270"]
[WhiteClock "0:06:58"]
[BlackClock "0:07:17"]

1. c4 c6 2. Nf3 d5 3. e3 Nf6 4. Nc3 a6 5. Qc2 b5 6. b3 g6 7. cxb5 axb5 8. d4
Bg7 9. Bd3 O-O 10. O-O Na6 11. Ne5 Nb4 12. Qd2 Nxd3 13. Nxd3 Qd6 14. a4 b4 15.
Na2 Ne4 16. Qc2 c5 17. dxc5 Nxc5 18. Qxc5 Qxc5 19. Nxc5 Bxa1 20. Nxb4 Ra5 21.
Nxd5 Re8 22. b4 Ra7 23. Ba3 Be5 24. b5 Bd6 25. Ra1 Be6 26. Nxe6 Rxa4 27. Nec7
Rd8 28. b6 Rxa3 29. Rb1 e6 30. Nf6+ Kf8 31. Nxh7+ Kg7 32. Nb5 Kxh7 33. Nxa3
Bxa3 34. b7 Rb8 35. h4 Kg7 36. g3 Kf6 37. Kg2 Ke7 38. Kf3 Bd6 39. e4 Kd7 40.
Kg4 Be7 41. f4 Kc7 42. e5 Rxb7 43. Rc1+ Kd7 44. h5 Rb8 45. hxg6 Rg8 46. g7
Rxg7+ 47. Kf3 Rh7 48. Rc2 Rh1 49. Kg2 Rb1 50. Rd2+ Kc6 51. Kf3 Rb3+ 52. Kg4 Bc5
53. Kh4 Bb4 54. Rd1 Re3 55. Kg5 Be7+ 56. Kg4 Kc7 57. Rd4 Rb3 58. Rd2 Rb5 59.
Rd1 Rd5 60. Rh1 Rd8 61. Rh7 Rg8+ 62. Kf3 Rf8 63. Rg7 Kd7 64. Rh7 Ke8 65. Rh1
Rg8 66. Rc1 Kf8 67. Rc7 Rh8 68. Kg2 Bd8 69. Rb7 Kg7 70. Rd7 Kg6 71. Rb7 Re8 72.
Rd7 Be7 73. Rc7 Bf8 74. Rc6 Ra8 75. Kf3 Kh5 76. g4+ Kh4 77. f5 exf5 78. gxf5
Ra3+ 79. Ke4 Ra4+ 80. Kd5 Ra5+ 81. Ke4 Kg5 82. Rc7 f6 83. exf6 Kxf6 84. Rc6+
Kf7 85. Rc7+ Be7 86. Rb7 Ra1 87. Kf4 Rd1 88. Ke4 Kf6 89. Rb6+ Bd6 90. Ra6 Kg5
91. f6 Kxf6 92. Ra8 Ke6 93. Re8+ Be7 94. Ra8 Rh1 95. Re8 Rh4+ 96. Kd3 Kd6 97.
Ra8 Kd5 98. Re8 Rh3+ 99. Ke2 Bf6 100. Kd2 Be5 101. Ke2 Ke4 102. Re7 Rh2+ 103.
Ke1 Kd4 104. Kf1 Bf4 105. Re2 Rh8 106. Re7 Be5 107. Ke2 Ke4 108. Re6 Rh2+ 109.
Ke1 Kf4 110. Kd1 Rh5 111. Ke2 Rh3 112. Re8 Re3+ 113. Kf2 Re4 114. Rf8+ Kg4 115.
Rg8+ Kf5 116. Rf8+ Bf6 117. Kf3 Rf4+ 118. Ke3 Kg4 119. Rg8+ Bg5 120. Kd3 Ra4
121. Rg7 Kf5 122. Rf7+ Ke5 123. Rf8 Rd4+ 124. Ke2 Bf4 125. Kf3 Rd3+ 126. Ke2
Ra3 127. Re8+ Kd4 128. Rd8+ Ke4 129. Re8+ Be5 130. Re7 Ra2+ 131. Ke1 Kf4 132.
Kd1 Bd4 133. Re2 Ra1+ 134. Kc2 Be3 135. Kd3 Ra8 136. Rh2 Rd8+ 137. Kc4 Ke4 138.
Rh4+ Bf4 139. Rh5 Rd4+ 140. Kb5 Rd2 141. Kc4 Rc2+ 1/2-1/2

[Event "Czech open A"]
[Site "?"]
[Date "2013.07.24"]
[Round "6.60"]
[White "Zwardon, Vojtech"]
[Black "Cerveny, Petr"]
[Result "1/2-1/2"]
[WhiteElo "2391"]
[BlackElo "2285"]
[PlyCount "100"]
[EventDate "2013.??.??"]
[TimeControl "6000+1090"]
[WhiteClock "1:18:16"]
[BlackClock "0:06:10"]

1. c4 b6 2. Nf3 Bb7 3. g3 Bxf3 4. exf3 c5 5. d4 Nc6 6. d5 Nd4 7. Be3 Nf5 8. Bd2
g6 9. Bc3 Bg7 10. Bxg7 Nxg7 11. Bd3 Nf6 12. Nc3 O-O 13. Qd2 e6 14. O-O exd5 15.
cxd5 Nfe8 16. Qf4 Qf6 17. Qxf6 Nxf6 18. Rfe1 Rae8 19. Ne4 Nxe4 20. fxe4 d6 21.
a4 f5 22. exf5 Nxf5 23. Bxf5 gxf5 24. f4 Kf7 25. h3 Rxe1+ 26. Rxe1 Re8 27. Rxe8
Kxe8 28. g4 fxg4 29. hxg4 a6 30. Kf2 Kf7 31. Ke3 b5 32. axb5 axb5 33. Kf3 Kg6
34. Ke4 h6 35. Kf3 h5 36. gxh5+ Kxh5 37. Ke3 Kg6 38. Kf3 Kf5 39. Ke3 Kf6 40.
Kf3 Kf5 41. Ke3 b4 42. Kf3 Kf6 43. Ke3 Kg6 44. Ke4 b3 45. Kd3 Kh5 46. Ke3 Kh4
47. Kd3 Kh5 48. Ke3 Kg6 49. Ke4 Kf6 50. Kd3 Kf5 1/2-1/2

[Event "Czech open A"]
[Site "?"]
[Date "2013.07.24"]
[Round "6.61"]
[White "Potapov, Alexander"]
[Black "Tate, Alan"]
[Result "1-0"]
[WhiteElo "2389"]
[BlackElo "2277"]
[PlyCount "43"]
[EventDate "2013.??.??"]
[TimeControl "6000+1215"]
[WhiteClock "0:39:36"]
[BlackClock "0:07:28"]

1. d4 Nf6 2. c4 g6 3. Nc3 d5 4. cxd5 Nxd5 5. e4 Nxc3 6. bxc3 Bg7 7. Qa4+ Bd7 8.
Qa3 O-O 9. Nf3 b6 10. Bg5 c5 11. Rd1 Qc7 12. Be2 Bg4 13. O-O Nd7 14. Bxe7 Rfe8
15. d5 Qf4 16. d6 Qxe4 17. Rfe1 Qc2 18. Rc1 Qf5 19. h3 Bxh3 20. gxh3 Qxh3 21.
Qa4 Ne5 22. Qf4 1-0

[Event "Czech open A"]
[Site "?"]
[Date "2013.07.24"]
[Round "6.62"]
[White "Zatschek, Mark"]
[Black "Nun, Jiri"]
[Result "0-1"]
[WhiteElo "2174"]
[BlackElo "2387"]
[PlyCount "100"]
[EventDate "2013.??.??"]
[TimeControl "6000+880"]
[WhiteClock "0:25:54"]
[BlackClock "0:27:13"]

1. d4 c5 2. e3 Nf6 3. Nf3 g6 4. Bd3 Bg7 5. O-O O-O 6. b3 cxd4 7. exd4 d5 8.
Nbd2 Nc6 9. c3 a6 10. Re1 Re8 11. Ne5 Qc7 12. Ndf3 Nxe5 13. dxe5 Ng4 14. Qe2
Qxc3 15. Bb2 Qb4 16. h3 Nh6 17. g4 e6 18. Qe3 Bd7 19. Bd4 Rec8 20. Rec1 Bf8 21.
Bf1 Rxc1 22. Rxc1 Bc6 23. Bd3 Kg7 24. Rc2 Ng8 25. Bc3 Qe7 26. Nd4 Bd7 27. f4
Kh8 28. f5 Bh6 29. Qf2 gxf5 30. gxf5 Qg5+ 31. Kf1 Qh5 32. Qf3 Qxf3+ 33. Nxf3
Ne7 34. f6 Nc6 35. Bd2 Bxd2 36. Rxd2 Rg8 37. Rg2 Nb4 38. Bb1 Bb5+ 39. Kg1 Rxg2+
40. Kxg2 Bd3 41. Bxd3 Nxd3 42. a3 h6 43. Kg3 Kh7 44. Kg4 a5 45. a4 Nc5 46. Nd4
Kg6 47. h4 h5+ 48. Kg3 Nd3 49. Nb5 Nxe5 50. Nd6 b6 0-1

[Event "Czech open A"]
[Site "?"]
[Date "2013.07.24"]
[Round "6.63"]
[White "Usmanov, Vasily"]
[Black "Golubov, Saveliy"]
[Result "1/2-1/2"]
[WhiteElo "2386"]
[BlackElo "2242"]
[PlyCount "71"]
[EventDate "2013.??.??"]
[TimeControl "6000+2340"]
[WhiteClock "0:33:11"]
[BlackClock "0:03:20"]

1. d4 Nf6 2. c4 e6 3. Nf3 d5 4. g3 Be7 5. Bg2 O-O 6. O-O dxc4 7. Ne5 Nc6 8.
Nxc6 bxc6 9. Na3 Nd5 10. Nxc4 Ba6 11. b3 Rb8 12. Qc2 Nb4 13. Qd2 Bf6 14. Ba3 c5
15. e3 Bxc4 16. bxc4 Qd7 17. Rab1 a5 18. Rfd1 Qa4 19. Bxb4 Rxb4 20. Rxb4 cxb4
21. c5 Rb8 22. Rb1 Rd8 23. Be4 e5 24. d5 b3 25. f3 Qxa2 26. Qxa2 bxa2 27. Ra1
Be7 28. d6 cxd6 29. c6 d5 30. Bf5 Bd6 31. Rxa2 Bc7 32. Rd2 a4 33. Bc2 Ra8 34.
Rxd5 a3 35. Rd1 a2 36. Ra1 1/2-1/2

[Event "Czech open A"]
[Site "?"]
[Date "2013.07.24"]
[Round "6.64"]
[White "Nemcova, Katerina"]
[Black "Dorst, Johannes"]
[Result "0-1"]
[WhiteElo "2382"]
[BlackElo "2236"]
[PlyCount "90"]
[EventDate "2013.??.??"]
[TimeControl "6000+885"]
[WhiteClock "0:35:45"]
[BlackClock "0:34:59"]

1. e4 c5 2. Nf3 d6 3. d4 cxd4 4. Nxd4 Nf6 5. Nc3 a6 6. Be3 e5 7. Nb3 Be7 8. f3
Be6 9. Qd2 O-O 10. O-O-O a5 11. Qe1 Qc8 12. a4 Nc6 13. Kb1 Nb4 14. Qf2 d5 15.
exd5 Nfxd5 16. Nxd5 Bxd5 17. Rxd5 Nxd5 18. Bb5 Nxe3 19. Qxe3 Qc7 20. Re1 Rac8
21. c3 Bf6 22. Nd2 g6 23. Nc4 Bg7 24. Qa7 Ra8 25. Qb6 Qxb6 26. Nxb6 Ra7 27. Kc2
Rd8 28. Re2 f6 29. b4 Bf8 30. Kb3 Kg7 31. Nc4 axb4 32. cxb4 Rd3+ 33. Kc2 Rd4
34. Kb3 Ra8 35. a5 Rad8 36. Ka4 Rd1 37. Rc2 R8d4 38. Rb2 f5 39. a6 Ra1+ 40. Na3
bxa6 41. Bxa6 e4 42. fxe4 fxe4 43. Be2 Bd6 44. h3 Bf4 45. Kb3 Rxa3+ 0-1

[Event "Czech open A"]
[Site "?"]
[Date "2013.07.24"]
[Round "6.65"]
[White "Bures, Jaroslav"]
[Black "Pechac, Jergus"]
[Result "1-0"]
[WhiteElo "2379"]
[BlackElo "2182"]
[PlyCount "25"]
[EventDate "2013.??.??"]
[TimeControl "6000+340"]
[WhiteClock "1:21:18"]
[BlackClock "1:28:53"]

1. e4 c5 2. Nf3 Nc6 3. d4 cxd4 4. Nxd4 d5 5. exd5 Qxd5 6. Be3 e6 7. Nc3 Bb4 8.
Qg4 Qe5 9. O-O-O Bxc3 10. bxc3 Bd7 11. Nxc6 Bxc6 12. Bd4 Nh6 13. Qxg7 1-0

[Event "Czech open A"]
[Site "?"]
[Date "2013.07.24"]
[Round "6.66"]
[White "Grigorian, Spartak"]
[Black "Vyskocil, Neklan"]
[Result "0-1"]
[WhiteElo "2131"]
[BlackElo "2374"]
[PlyCount "68"]
[EventDate "2013.??.??"]
[TimeControl "6000+500"]
[WhiteClock "1:03:47"]
[BlackClock "0:22:13"]

1. d4 Nf6 2. c4 e6 3. Nc3 Bb4 4. e3 O-O 5. Bd3 c5 6. Nf3 d5 7. O-O dxc4 8. Bxc4
Nbd7 9. a3 Ba5 10. Bd2 Bc7 11. Qe2 a6 12. a4 b6 13. d5 exd5 14. Nxd5 Bb7 15. e4
Nxd5 16. exd5 Nf6 17. Bg5 Qd6 18. Bxf6 Qxf6 19. Rfe1 b5 20. axb5 axb5 21. Rxa8
Bxa8 22. Bxb5 Bxd5 23. Qe7 Qxe7 24. Rxe7 Bf4 25. Ne5 Ra8 26. Kf1 Kf8 27. Nc6
Ra1+ 28. Re1 Bxg2+ 29. Ke2 Rxe1+ 30. Kxe1 Bxh2 31. Na5 h5 32. Nc4 h4 33. Ne3 h3
34. f4 Bg3+ 0-1

[Event "Czech open A"]
[Site "?"]
[Date "2013.07.24"]
[Round "6.67"]
[White "Kearns, Christopher"]
[Black "Repka, Christopher"]
[Result "0-1"]
[WhiteElo "2129"]
[BlackElo "2361"]
[PlyCount "39"]
[EventDate "2013.??.??"]
[TimeControl "6000+1440"]
[WhiteClock "0:47:10"]
[BlackClock "1:20:03"]

1. e4 e6 2. d4 d5 3. Nc3 Nf6 4. e5 Nfd7 5. f4 c5 6. Nf3 Nc6 7. Be3 a6 8. Qd2 b5
9. dxc5 Nxc5 10. Qf2 Ne4 11. Nxe4 dxe4 12. Nd4 Bb7 13. Be2 Be7 14. Nxc6 Bxc6
15. O-O O-O 16. Rfd1 Qc7 17. Rd2 f6 18. Bd4 fxe5 19. Bxe5 Qxe5 20. Bf1 0-1

[Event "Czech open A"]
[Site "?"]
[Date "2013.07.24"]
[Round "6.68"]
[White "Nagarajan, Raghavi"]
[Black "Farkas, Gabor"]
[Result "1-0"]
[WhiteElo "2097"]
[BlackElo "2359"]
[PlyCount "147"]
[EventDate "2013.??.??"]
[TimeControl "6000+1025"]
[WhiteClock "0:13:27"]
[BlackClock "0:44:00"]

1. e4 e6 2. d3 c5 3. Nf3 Nc6 4. g3 g6 5. Bg2 Bg7 6. O-O Nge7 7. c3 d5 8. Qe2
O-O 9. e5 b6 10. Bf4 a5 11. Nbd2 a4 12. a3 b5 13. h4 h5 14. Ng5 Nf5 15. Ndf3 b4
16. Bh3 bxc3 17. bxc3 Ra7 18. Rab1 Qa5 19. Rfc1 Nce7 20. g4 hxg4 21. Bxg4 Nh6
22. Nh2 Nef5 23. h5 Qd8 24. Rb8 Qc7 25. Rcb1 gxh5 26. Bxf5 exf5 27. Qxh5 Ra6
28. Nhf3 f6 29. exf6 Qxf4 30. fxg7 Rd8 31. R1b6 Rxb6 32. Rxb6 Qg4+ 33. Qxg4
Nxg4 34. Rc6 Kxg7 35. Rxc5 Kf6 36. d4 f4 37. Rc6+ Kf5 38. Nf7 Rg8 39. Rxc8 Rg7
40. N7g5 Rb7 41. Ra8 Rb1+ 42. Kg2 Rb2 43. Rf8+ Kg6 44. Rxf4 Ne3+ 45. Kg3 Nf5+
46. Kh3 Rb3 47. Nh4+ Nxh4 48. Kxh4 Rxa3 49. Rf8 Ra1 50. Rg8+ Kf5 51. Rf8+ Kg6
52. Nh3 a3 53. f3 Rc1 54. Nf4+ Kg7 55. Ra8 Rxc3 56. Kg3 Rb3 57. Nxd5 Kf7 58.
Ra6 Rd3 59. Nf4 Rxd4 60. Rxa3 Rd1 61. Kg4 Rb1 62. Ra7+ Kf6 63. Nh5+ Kg6 64.
Ra6+ Kf7 65. f4 Rc1 66. Ra7+ Kg6 67. f5+ Kh6 68. Ra6+ Kh7 69. Kg5 Rg1+ 70. Kf6
Rf1 71. Ng3 Rb1 72. Ne4 Rb4 73. Re6 Rb7 74. Re7+ 1-0

[Event "Czech open A"]
[Site "?"]
[Date "2013.07.24"]
[Round "6.69"]
[White "Cantoro, Daniele"]
[Black "Tomazini, Zan"]
[Result "1/2-1/2"]
[WhiteElo "2108"]
[BlackElo "2344"]
[PlyCount "152"]
[EventDate "2013.??.??"]
[TimeControl "6000+1060"]
[WhiteClock "0:02:39"]
[BlackClock "0:02:23"]

1. e4 g6 2. d4 Bg7 3. Nf3 d6 4. Nc3 a6 5. a4 b6 6. Bc4 e6 7. O-O Ne7 8. Be3 h6
9. Qd2 Nd7 10. Rad1 Bb7 11. d5 e5 12. Nh4 g5 13. Nf5 Nxf5 14. exf5 Nf6 15. Qd3
Bc8 16. Ne4 Nh5 17. Ng3 Nf4 18. Qe4 Kf8 19. Bxf4 gxf4 20. Ne2 Qg5 21. Bd3 h5
22. f3 h4 23. Kf2 Rh5 24. Qc4 Ra7 25. a5 b5 26. Qc6 Qd8 27. Be4 Bd7 28. Qc3
Bxf5 29. Bxf5 Rxf5 30. Qb4 h3 31. g3 Bh6 32. Nc3 fxg3+ 33. hxg3 Qg5 34. Rd3 Ra8
35. Rh1 Rf4 36. Ne4 Qg4 37. Ke2 Qxg3 38. Nxg3 Rxb4 39. Rxh3 Bg7 40. b3 Rc8 41.
Ne4 Rd4 42. Rxd4 exd4 43. f4 c6 44. dxc6 Rxc6 45. Kd1 d5 46. Nf2 Rh6 47. Rxh6
Bxh6 48. Nd3 Ke7 49. Nb4 Kd7 50. Nxd5 Bf8 51. Ke2 Kc6 52. Nf6 Bb4 53. Kd3 Bxa5
54. Kxd4 Bb6+ 55. Ke4 a5 56. Nd5 Bf2 57. Nc3 Be1 58. Na2 Bd2 59. f5 f6 60. Kd3
Be1 61. Ke2 Bg3 62. Kd3 Be5 63. c4 bxc4+ 64. Kxc4 Bb2 65. b4 a4 66. b5+ Kd6 67.
Nb4 a3 68. b6 Bc1 69. Kb3 Kd7 70. Nd5 Kc6 71. Nxf6 Kxb6 72. Ne4 Kc6 73. f6 Kd7
74. Nc3 Ke6 75. Nb1 Kxf6 76. Nxa3 Ke5 1/2-1/2

[Event "Czech open A"]
[Site "?"]
[Date "2013.07.24"]
[Round "6.70"]
[White "Frischmann, Rick"]
[Black "Seger, Ruediger"]
[Result "0-1"]
[WhiteElo "2234"]
[BlackElo "2393"]
[PlyCount "100"]
[EventDate "2013.??.??"]
[TimeControl "6000+1965"]
[WhiteClock "0:19:55"]
[BlackClock "0:17:09"]

1. d4 Nf6 2. c4 g6 3. g3 c6 4. Bg2 d5 5. cxd5 cxd5 6. Nc3 Bg7 7. Nf3 Ne4 8.
Nxe4 dxe4 9. Ng5 Qxd4 10. Qb3 O-O 11. O-O Nc6 12. Nxe4 Rb8 13. Rd1 Be6 14. Rxd4
Bxb3 15. Rd2 Bc4 16. Nc5 Rfd8 17. Nxb7 Rxd2 18. Bxd2 Rxb7 19. Bxc6 Rxb2 20. Be3
a6 21. Rc1 Bxe2 22. Bd5 Rb8 23. Bc4 Bb2 24. Rc2 Bxc4 25. Rxc4 Rd8 26. a4 f6 27.
a5 Kf7 28. Bb6 Ra8 29. Kf1 Be5 30. Ke2 Ke6 31. Kd3 Kd7 32. Rh4 h5 33. f4 Bc7
34. Bxc7 Kxc7 35. f5 gxf5 36. Rxh5 e6 37. Rh7+ Kd6 38. Kc4 Rc8+ 39. Kb4 Rb8+
40. Ka4 Rc8 41. Rf7 Rc2 42. Ra7 Rc6 43. h4 e5 44. h5 f4 45. gxf4 exf4 46. h6 f3
47. h7 Rc4+ 48. Kb3 Rh4 49. Rxa6+ Ke5 50. Rc6 Rxh7 0-1

[Event "Czech open A"]
[Site "?"]
[Date "2013.07.24"]
[Round "6.71"]
[White "Peterson, Eric"]
[Black "Kourousis, Epaminondas"]
[Result "1/2-1/2"]
[WhiteElo "2239"]
[BlackElo "2391"]
[PlyCount "112"]
[EventDate "2013.??.??"]
[TimeControl "6000+1260"]
[WhiteClock "0:09:04"]
[BlackClock "0:11:08"]

1. e4 c6 2. d4 d5 3. exd5 cxd5 4. c4 Nf6 5. Nc3 g6 6. Qb3 Bg7 7. cxd5 O-O 8.
Be2 Qb6 9. Qxb6 axb6 10. Bf4 Na6 11. d6 exd6 12. Nf3 d5 13. O-O Be6 14. a3 Ne4
15. Na4 g5 16. Be3 b5 17. Nb6 Rad8 18. Bxb5 Rd6 19. Na4 Nc7 20. Bd3 g4 21. Nd2
Nxd2 22. Bxd2 Ra8 23. Bf4 Rc6 24. Bxc7 Rxc7 25. Nc3 Rc6 26. Bb5 Rb6 27. Rfd1
Rc8 28. a4 Bf8 29. a5 Rd6 30. Bd3 Rdd8 31. Ra4 Bd7 32. Raa1 Be6 33. Kf1 Bb4 34.
Rdc1 Ra8 35. Ra4 Bd6 36. g3 Rdc8 37. Bb5 Kg7 38. Re1 Ra7 39. Rea1 h5 40. Be2
Raa8 41. Bb5 Rh8 42. a6 bxa6 43. Rxa6 Rxa6 44. Rxa6 Be7 45. Bc6 Rd8 46. Ra4 Bf6
47. Ne2 Rc8 48. Ra6 Rb8 49. Ra4 Rxb2 50. Nf4 Bg5 51. Bxd5 Bxf4 52. Bxe6 Bxg3
53. hxg3 fxe6 54. Ra5 Rd2 55. Rxh5 Rxd4 56. Rh4 e5 1/2-1/2

[Event "Czech open A"]
[Site "?"]
[Date "2013.07.24"]
[Round "6.72"]
[White "Repkova, Eva"]
[Black "Wagener, Claude"]
[Result "1/2-1/2"]
[WhiteElo "2374"]
[BlackElo "2240"]
[PlyCount "55"]
[EventDate "2013.??.??"]
[TimeControl "6000+810"]
[WhiteClock "0:14:36"]
[BlackClock "0:40:37"]

1. e4 c5 2. b3 d6 3. Bb2 Nf6 4. Nc3 g6 5. g3 Bg7 6. Bg2 O-O 7. Nge2 Nc6 8. O-O
Ne8 9. d3 f5 10. Nf4 Nf6 11. Ncd5 e5 12. Nxf6+ Bxf6 13. Nd5 Bg7 14. f4 Nd4 15.
Kh1 Be6 16. c3 Nc6 17. Qd2 Qd7 18. Rae1 Rae8 19. fxe5 dxe5 20. Ba3 b6 21. Kg1
Kh8 22. Re2 Rf7 23. Ref2 Ref8 24. Bc1 Ne7 25. c4 Nc6 26. Qg5 Nd4 27. Qh4 fxe4
28. dxe4 1/2-1/2

[Event "Czech open A"]
[Site "?"]
[Date "2013.07.24"]
[Round "6.73"]
[White "Migot, Tangi"]
[Black "Grigoriev, Evgeny"]
[Result "1/2-1/2"]
[WhiteElo "2331"]
[BlackElo "2235"]
[PlyCount "57"]
[EventDate "2013.??.??"]
[TimeControl "6000+810"]
[WhiteClock "0:12:25"]
[BlackClock "0:34:19"]

1. e4 g6 2. d4 Bg7 3. Nc3 d6 4. Be3 c6 5. h3 Nf6 6. Nf3 b5 7. e5 dxe5 8. dxe5
Qxd1+ 9. Rxd1 Nfd7 10. e6 fxe6 11. Nd4 Nf6 12. Bg5 e5 13. Nb3 Bf5 14. Rc1 Nbd7
15. g4 Be6 16. Bg2 Bd5 17. Nxd5 cxd5 18. Bxf6 exf6 19. Bxd5 Rc8 20. c3 Nc5 21.
Nxc5 Rxc5 22. Bb3 Ke7 23. Ke2 Rd8 24. Rcd1 Rcc8 25. h4 f5 26. h5 Rxd1 27. Bxd1
Kf6 28. Bb3 Rd8 29. hxg6 1/2-1/2

[Event "Czech open A"]
[Site "?"]
[Date "2013.07.24"]
[Round "6.74"]
[White "Kholopov, Alexander A"]
[Black "Gergel, Vladimir"]
[Result "0-1"]
[WhiteElo "2310"]
[BlackElo "2229"]
[PlyCount "124"]
[EventDate "2013.??.??"]
[TimeControl "6000+2260"]
[WhiteClock "0:00:39"]
[BlackClock "0:26:38"]

1. d4 Nf6 2. c4 e6 3. Nc3 Bb4 4. Qc2 c5 5. dxc5 Bxc5 6. Nf3 O-O 7. Bg5 h6 8.
Bh4 Nc6 9. e3 b6 10. Be2 Bb7 11. O-O Nb4 12. Qd2 a5 13. Rfd1 g5 14. Bg3 d5 15.
a3 Ne4 16. Nxe4 dxe4 17. axb4 exf3 18. bxc5 Qxd2 19. Rxd2 fxe2 20. cxb6 Rfd8
21. Rxe2 Rd3 22. Bc7 Kf8 23. h3 Ke7 24. Ra3 Rd1+ 25. Kh2 f5 26. f3 h5 27. Rc2
Kd7 28. Rcc3 Rb1 29. Rd3+ Ke7 30. Be5 g4 31. fxg4 hxg4 32. h4 g3+ 33. Bxg3 Rxb2
34. c5 Rxg2+ 35. Kh3 Rg8 36. Bf4 R8g4 37. Rd1 Rc2 38. Bg5+ Ke8 39. Rd8+ Kf7 40.
Rd7+ Kg6 41. Rxb7 Rg1 42. Re7 e5 43. Re6+ Kg7 44. e4 Rh1+ 45. Kg3 Rg1+ 46. Kf3
f4 47. Bxf4 Rf1+ 48. Ke3 exf4+ 49. Kd4 f3 50. Re5 f2 51. Rg3+ Kh6 52. Re6+ Kh5
53. Rf6 Rd1+ 54. Rd3 f1=Q 55. Rxf1 Rxf1 56. Rb3 Rd1+ 57. Ke3 Rd8 58. b7 Rb8 59.
Rb5 a4 60. Kd4 a3 61. c6+ Kxh4 62. Rc5 a2 0-1

[Event "Czech open A"]
[Site "?"]
[Date "2013.07.24"]
[Round "6.75"]
[White "Tomazini, Aljosa"]
[Black "Jeitz, Christian"]
[Result "1/2-1/2"]
[WhiteElo "2306"]
[BlackElo "2222"]
[PlyCount "94"]
[EventDate "2013.??.??"]
[TimeControl "6000+1490"]
[WhiteClock "0:22:33"]
[BlackClock "0:05:46"]

1. d4 Nf6 2. Nf3 g6 3. c4 Bg7 4. Nc3 d5 5. cxd5 Nxd5 6. e4 Nxc3 7. bxc3 c5 8.
Be3 Qa5 9. Qd2 Nc6 10. Rc1 cxd4 11. cxd4 Qxd2+ 12. Kxd2 O-O 13. Bb5 Rd8 14.
Bxc6 bxc6 15. Rc5 f5 16. e5 Be6 17. Ra5 Bd5 18. Rc1 f4 19. Kd3 fxe3 20. fxe3
Bxf3 21. gxf3 Rd5 22. Rac5 Rxc5 23. Rxc5 Rb8 24. Rxc6 Rb2 25. Ra6 Rxh2 26. Rxa7
Kf8 27. a4 h5 28. Ke4 h4 29. f4 h3 30. Rb7 Ra2 31. Rb1 h2 32. Rh1 Ke8 33. Kf3
Bh6 34. Kg4 e6 35. a5 Kd7 36. a6 Kc7 37. a7 Kb7 38. d5 exd5 39. e6 Bf8 40. Kg5
Kxa7 41. Kxg6 Bd6 42. f5 Rg2+ 43. Kf7 Rf2 44. f6 Be5 45. e7 Rxf6+ 46. Kg8 Re6
47. Kf7 Rf6+ 1/2-1/2

[Event "Czech open A"]
[Site "?"]
[Date "2013.07.24"]
[Round "6.76"]
[White "Postupa, Pavel"]
[Black "Kutynec, Vladimir"]
[Result "1-0"]
[WhiteElo "2229"]
[BlackElo "2300"]
[PlyCount "77"]
[EventDate "2013.??.??"]
[TimeControl "6000+1240"]
[WhiteClock "0:18:36"]
[BlackClock "0:01:29"]

1. e4 Nf6 2. Nc3 d5 3. e5 Nfd7 4. f4 e6 5. Nf3 c5 6. Be2 Nc6 7. O-O a6 8. Kh1
b5 9. d4 cxd4 10. Nxd4 Nxd4 11. Qxd4 Bc5 12. Qd1 Bb7 13. Bd3 Qb6 14. Qe2 f5 15.
exf6 Nxf6 16. a4 b4 17. a5 Qd6 18. Na4 Ba7 19. f5 O-O 20. Bf4 Qc6 21. Qxe6+
Qxe6 22. fxe6 Rac8 23. Bd6 Rfe8 24. e7 Rc6 25. Bxb4 Bc8 26. c3 Bd7 27. Nb6 Bxb6
28. axb6 Rxb6 29. Rxa6 Rxa6 30. Bxa6 Rb8 31. h3 Kf7 32. Ba3 Bb5 33. Bxb5 Rxb5
34. g4 h6 35. h4 d4 36. cxd4 Rd5 37. Bc5 Ke8 38. b4 Kd7 39. Ra1 1-0

[Event "Czech open A"]
[Site "?"]
[Date "2013.07.24"]
[Round "6.77"]
[White "Jedlicka, Ales"]
[Black "Nadjezhdin, Dmitry"]
[Result "1/2-1/2"]
[WhiteElo "2226"]
[BlackElo "2300"]
[PlyCount "79"]
[EventDate "2013.??.??"]
[TimeControl "6000+780"]
[WhiteClock "0:40:41"]
[BlackClock "0:12:33"]

1. d4 Nf6 2. c4 c6 3. Nc3 d5 4. Nf3 dxc4 5. a4 Bf5 6. e3 e6 7. Bxc4 Bb4 8. O-O
O-O 9. Qe2 Bg4 10. Rd1 Qa5 11. e4 Qh5 12. e5 Bxf3 13. gxf3 Bxc3 14. bxc3 Nd5
15. Bd2 f6 16. f4 Qf7 17. Bd3 fxe5 18. fxe5 Nf4 19. Bxf4 Qxf4 20. Qe3 Nd7 21.
Rab1 b6 22. Qxf4 Rxf4 23. Bf1 Raf8 24. Bh3 Kf7 25. Bg2 Rc8 26. a5 Ke7 27. axb6
axb6 28. Ra1 Rc7 29. c4 Kf7 30. Ra6 c5 31. d5 Nxe5 32. Rxb6 Nxc4 33. Rxe6 Rf6
34. Rc6 Rfxc6 35. dxc6 Ne5 36. Rd5 Ke6 37. Rxc5 Kd6 38. Rd5+ Ke6 39. Rc5 Kd6
40. Rd5+ 1/2-1/2